| 000 | 00879nam a2200253Ia 4500 | ||
|---|---|---|---|
| 003 | OSt | ||
| 005 | 20220918170922.0 | ||
| 006 | a|||||r|||| 00| 0 | ||
| 007 | ta | ||
| 008 | 220917b |||||||| |||| 00| 0 eng d | ||
| 020 |
_a9780815635239 (pbk) _cUSD 29.95 |
||
| 024 | _a348,762 | ||
| 037 |
_b57450, 07/03/2019, Segment Book Distributors _cTextual |
||
| 040 |
_aARTS _cARTS _beng |
||
| 041 |
_2eng _aeng |
||
| 082 | _aV46:194653(zM), Q1 | ||
| 100 |
_aWanis Anthony Au. _932246 |
||
| 245 | 0 |
_aBack channel negotiation _b secrecy in the middle east peace process |
|
| 260 |
_aNew York _bSyracuse University Press USA _c2017 |
||
| 300 |
_axiv,352p. _ccm. |
||
| 650 |
_aARAB - FOREIGN RELATIONS; ARAB - HISTORY _932247 |
||
| 942 |
_hV46:194653(zM), Q1 _cTEXL _2CC |
||
| 999 |
_c136648 _d136648 |
||